| 000 | 00347nam a2200133Ia 4500 | ||
|---|---|---|---|
| 005 | 20251222141939.0 | ||
| 008 | 251222s9999||||xx |||||||||||||| ||spa|| | ||
| 020 | _a968-16-2146-8 | ||
| 082 | _a327/K37 | ||
| 100 | _aKelsen, Hans | ||
| 245 | 0 | _aDerecho y Paz en las Relaciones Internacionales | |
| 264 | _bFondo de Cultura Económica | ||
| 942 | _cLIB | ||
| 999 |
_c9286 _d9286 |
||